ბათუმის შოთა რუსთაველის სახელმწიფო უნივერსიტეტის ბიბლიოთეკა

Clinical Anatomy : (ბიბ.ჩანაწერი № 53631)

000 -LEADER
fixed length control field 00935nam a2200289Ia 4500
001 - CONTROL NUMBER
control field 20678
003 - CONTROL NUMBER IDENTIFIER
control field GE_BSU
005 - DATE AND TIME OF LATEST TRANSACTION
control field 20210303201618.0
008 - FIXED-LENGTH DATA ELEMENTS--GENERAL INFORMATION
fixed length control field 181216s2000||||xx |||||||||||||| ||eng||
020 ## - INTERNATIONAL STANDARD BOOK NUMBER
International Standard Book Number 9780781718271
040 ## - CATALOGING SOURCE
Transcribing agency GE_BSU
041 ## - LANGUAGE CODE
Language code of text/sound track or separate title eng
080 ## - UNIVERSAL DECIMAL CLASSIFICATION NUMBER
Universal Decimal Classification number 611.84 S-69
100 ## - MAIN ENTRY--PERSONAL NAME
Personal name Snell, Richard S.
9 (RLIN) 10310
245 ## - TITLE STATEMENT
Title Clinical Anatomy :
Remainder of title An Illustrated with Questions and Explanations /
Statement of responsibility, etc. Richard S. Snell ; Editor P.J. Kelly
250 ## - EDITION STATEMENT
Edition statement Third Edition
264 ## - PRODUCTION, PUBLICATION, DISTRIBUTION, MANUFACTURE, AND COPYRIGHT NOTICE
Place of production, publication, distribution, manufacture Philadelfia :
Name of producer, publisher, distributor, manufacturer Lippincott Williams & Wilkins,
Date of production, publication, distribution, manufacture, or copyright notice 2000.
300 ## - PHYSICAL DESCRIPTION
Extent 278 p. :
Other physical details ill. ;
Dimensions 28 cm.
653 ## - INDEX TERM--UNCONTROLLED
keyword Clinical Anatomy
653 ## - INDEX TERM--UNCONTROLLED
keyword An Illustrated with Questions and Explanations
653 ## - INDEX TERM--UNCONTROLLED
keyword Клиническая анатомия
653 ## - INDEX TERM--UNCONTROLLED
keyword კლინიკური ანატომია
653 ## - INDEX TERM--UNCONTROLLED
keyword მედიცინა
700 ## - ADDED ENTRY--PERSONAL NAME
Personal name Kelly, P.J.
Relator term Editor
9 (RLIN) 10314
942 ## - ADDED ENTRY ELEMENTS (KOHA)
Koha item type წიგნი
Source of classification or shelving scheme
ეგზემპლარები
Withdrawn status Lost status Source of classification or shelving scheme Damaged status Not for loan Permanent Location Current Location Shelving location Date acquired Cost, normal purchase price Full call number Barcode Date last seen Copy number Price effective from Koha item type Public note
          ბათუმის შოთა რუსთაველის სახელმწიფო უნივერსიტეტის მთავარი ბიბლიოთეკა ბათუმის შოთა რუსთაველის სახელმწიფო უნივერსიტეტის მთავარი ბიბლიოთეკა წიგნსაცავი 2018-12-17 264.00 611.84 S-69 53942 2018-12-17 53942 2018-12-17 წიგნი 264.00 GEL.